[Event "Speed Chess (Women) Final"]
[Site "Chess.com INT"]
[Date "2020.07.20"]
[Round "8"]
[White "Ushenina, Anna"]
[Black "Kosteniuk, Alexandra"]
[Result "0-1"]
[WhiteElo "2416"]
[BlackElo "2471"]
[PlyCount "102"]
[EventDate "2020.07.20"]
[EventType "match (blitz)"]
[EventRounds "28"]
[EventCountry "USA"]
[SourceTitle "CBM 197 Extra"]
[Source "ChessBase"]
[SourceDate "2020.09.30"]
[SourceVersion "1"]
[SourceVersionDate "2020.09.30"]
[SourceQuality "1"]

1. d4 Nf6 2. c4 b6 3. f3 Nc6 4. d5 Ne5 5. e4 d6 6. Nc3 Ng6 7. Be3 e5 8. Qd2 Be7
9. Nge2 Bd7 10. g3 h5 11. h4 a6 12. Nc1 Qb8 13. Nd3 O-O 14. Rc1 Nh7 15. Be2 f5
16. exf5 Bxf5 17. Nf2 Bd7 18. Bd3 Qe8 19. Qc2 Rf6 20. Be4 Ngf8 21. O-O Qc8 22.
Kh2 Rf7 23. Qe2 Kh8 24. Bb1 g6 25. Nce4 Bf5 26. b4 Nd7 27. Bd3 a5 28. c5 bxc5
29. bxc5 Qf8 30. cxd6 cxd6 31. Rc6 Ndf6 32. Nxf6 Nxf6 33. Bc4 Bd7 34. Nh3 Bxc6
35. dxc6 d5 36. Bd3 e4 37. Bb5 exf3 38. Rxf3 Ng4+ 39. Kg2 Rxf3 40. Qxf3 Qxf3+
41. Kxf3 Nxe3 42. Kxe3 Bc5+ 43. Kd3 Kg7 44. Nf4 Bd6 45. Nxd5 Kf7 46. a4 Ke6 47.
Bc4 Ke5 48. Nb6 Rd8 49. Nd7+ Kf5 50. Kd4 Bxg3 51. Kd5 g5 0-1

[Event "Speed Chess (Women) Final"]
[Site "Chess.com INT"]
[Date "2020.07.20"]
[Round "9"]
[White "Kosteniuk, Alexandra"]
[Black "Ushenina, Anna"]
[Result "1/2-1/2"]
[WhiteElo "2471"]
[BlackElo "2416"]
[PlyCount "136"]
[EventDate "2020.07.20"]
[EventType "match (blitz)"]
[EventRounds "28"]
[EventCountry "USA"]
[SourceTitle "CBM 197 Extra"]
[Source "ChessBase"]
[SourceDate "2020.09.30"]
[SourceVersion "1"]
[SourceVersionDate "2020.09.30"]
[SourceQuality "1"]

1. e4 e5 2. Nf3 Nf6 3. Nxe5 d6 4. Nf3 Nxe4 5. d4 Bf5 6. Bd3 Be7 7. O-O O-O 8.
Re1 d5 9. Nbd2 Nd6 10. Nb3 Bxd3 11. Qxd3 Nd7 12. Bf4 c6 13. Re3 Re8 14. Nbd2
Nf8 15. Rae1 Ne6 16. Be5 g6 17. h3 Nf5 18. R3e2 Bd6 19. c3 Bxe5 20. Rxe5 Nd6
21. Qe3 Qf6 22. g4 a6 23. Qh6 Qf4 24. Qh4 Kg7 25. Qg3 Qxg3+ 26. fxg3 h6 27. Kg2
Nc7 28. a4 a5 29. Re7 Rac8 30. g5 hxg5 31. Rxe8 Rxe8 32. Rxe8 Ncxe8 33. Nxg5 b5
34. axb5 cxb5 35. h4 a4 36. g4 Nc7 37. Ngf3 f6 38. Ne1 Ne6 39. Nd3 Kf7 40. Kf3
Ke7 41. Nb4 Nc7 42. Kf4 Kf7 43. Kf3 Ke7 44. Ke2 Kf7 45. Kd3 Ke7 46. Nf1 Nc4 47.
Kc2 f5 48. gxf5 gxf5 49. b3 axb3+ 50. Kxb3 f4 51. Kc2 f3 52. Kd3 Kf6 53. Ne3
Kg6 54. Nexd5 Nxd5 55. Nxd5 Kh5 56. Ne3 Kxh4 57. Nf1 Kh3 58. d5 Kg2 59. Ke4
Kxf1 60. Kxf3 Ke1 61. Ke4 Kd2 62. Kd4 Kc2 63. Kc5 Kxc3 64. Kxb5 Kd4 65. Kc6
Ne5+ 66. Kd6 Nc4+ 67. Ke6 Kc5 68. d6 Nxd6 1/2-1/2

[Event "Speed Chess (Women) Final"]
[Site "Chess.com INT"]
[Date "2020.07.20"]
[Round "10"]
[White "Ushenina, Anna"]
[Black "Kosteniuk, Alexandra"]
[Result "1-0"]
[WhiteElo "2416"]
[BlackElo "2471"]
[PlyCount "85"]
[EventDate "2020.07.20"]
[EventType "match (blitz)"]
[EventRounds "28"]
[EventCountry "USA"]
[SourceTitle "CBM 197 Extra"]
[Source "ChessBase"]
[SourceDate "2020.09.30"]
[SourceVersion "1"]
[SourceVersionDate "2020.09.30"]
[SourceQuality "1"]

1. d4 Nf6 2. Nf3 b6 3. Bg5 e6 4. e4 h6 5. Bxf6 Qxf6 6. Bd3 Bb7 7. O-O g6 8.
Nbd2 Bg7 9. a4 a5 10. c3 d6 11. e5 Qd8 12. Be4 d5 13. Bd3 Nd7 14. Re1 O-O 15.
Nf1 Re8 16. Ng3 Nf8 17. h4 c5 18. h5 g5 19. Nh2 cxd4 20. cxd4 Qe7 21. Ng4 Qb4
22. Ne2 Rac8 23. Ra3 Qxb2 24. Rb3 Qa2 25. Rxb6 Bc6 26. Nc3 Qa3 27. Rb3 Qe7 28.
Qd2 Qa7 29. Bb5 Re7 30. Bxc6 Rxc6 31. Nb5 Qb6 32. f4 Nh7 33. Rf1 Rc4 34. Rc3
Rxa4 35. Rc8+ Bf8 36. Qd3 Qa6 37. Rxf8+ Nxf8 38. Nxh6+ Kg7 39. fxg5 Rb4 40. Qf3
Qxb5 41. Qf6+ Kh7 42. Qxe7 Rb1 43. Qxf7+ 1-0

[Event "Speed Chess (Women) Final"]
[Site "Chess.com INT"]
[Date "2020.07.20"]
[Round "11"]
[White "Kosteniuk, Alexandra"]
[Black "Ushenina, Anna"]
[Result "0-1"]
[WhiteElo "2471"]
[BlackElo "2416"]
[PlyCount "62"]
[EventDate "2020.07.20"]
[EventType "match (blitz)"]
[EventRounds "28"]
[EventCountry "USA"]
[SourceTitle "CBM 197 Extra"]
[Source "ChessBase"]
[SourceDate "2020.09.30"]
[SourceVersion "1"]
[SourceVersionDate "2020.09.30"]
[SourceQuality "1"]

1. e4 e5 2. Nf3 Nf6 3. Nxe5 d6 4. Nf3 Nxe4 5. d4 Bf5 6. Bd3 Be7 7. O-O O-O 8.
Re1 d5 9. Nbd2 Nd6 10. Nb3 Bxd3 11. Qxd3 Nd7 12. Bf4 c6 13. Re2 Re8 14. Rae1
Nf8 15. Bxd6 Qxd6 16. Re3 b6 17. Ne5 Bf6 18. c4 Bxe5 19. dxe5 Qd7 20. cxd5 cxd5
21. f4 g6 22. Rd1 Rad8 23. Rh3 Ne6 24. Qg3 Qa4 25. Qh4 h5 26. Rf3 Ng7 27. a3
Nf5 28. Qg5 d4 29. Rh3 d3 30. Rhxd3 Rxd3 31. Rxd3 Qe4 0-1

[Event "Speed Chess (Women) Final"]
[Site "Chess.com INT"]
[Date "2020.07.20"]
[Round "12"]
[White "Ushenina, Anna"]
[Black "Kosteniuk, Alexandra"]
[Result "1-0"]
[WhiteElo "2416"]
[BlackElo "2471"]
[PlyCount "125"]
[EventDate "2020.07.20"]
[EventType "match (blitz)"]
[EventRounds "28"]
[EventCountry "USA"]
[SourceTitle "CBM 197 Extra"]
[Source "ChessBase"]
[SourceDate "2020.09.30"]
[SourceVersion "1"]
[SourceVersionDate "2020.09.30"]
[SourceQuality "1"]

1. d4 Nf6 2. Nf3 d5 3. Bf4 c5 4. e3 Nc6 5. Nbd2 cxd4 6. exd4 Bf5 7. Bb5 e6 8.
c4 dxc4 9. Ne5 Qb6 10. Qa4 a6 11. Bxc6+ bxc6 12. O-O Nd5 13. Nexc4 Qb5 14. Nd6+
Bxd6 15. Qxb5 axb5 16. Bxd6 Kd7 17. Be5 f6 18. Bg3 Nb4 19. a3 Nd3 20. b3 h5 21.
h4 Ra7 22. a4 Rha8 23. Rfd1 Nb4 24. Rac1 bxa4 25. bxa4 Rxa4 26. Nb3 Ra2 27.
Nc5+ Ke7 28. Nb7 Kd7 29. Nc5+ Kc8 30. Bd6 Nd5 31. Re1 Nb4 32. Bg3 Nc2 33. Nxe6
Nxe1 34. Nxg7 Nd3 35. Rxc6+ Kb7 36. Rxf6 Be4 37. Nxh5 Ra1+ 38. Kh2 Rd1 39. f3
Bd5 40. Ng7 Raa1 41. Bd6 Rh1+ 42. Kg3 Rag1 43. Nf5 Ne1 44. Ne3 Bb3 45. Rg6 Nc2
46. Nxc2 Bxc2 47. Rg7+ Kc6 48. Bf4 Kd5 49. Be5 Bd3 50. Rg5 Bf1 51. Kf2 Bc4 52.
h5 Rf1+ 53. Kg3 Rb1 54. Bf4+ Ke6 55. Rg6+ Kf7 56. Rc6 Bd5 57. Rc7+ Ke6 58. h6
Rb7 59. Rc5 Rd7 60. Ra5 Rd8 61. Ra7 Rg8+ 62. Kf2 Kf5 63. Be3 1-0

[Event "Speed Chess (Women) Final"]
[Site "Chess.com INT"]
[Date "2020.07.20"]
[Round "13"]
[White "Kosteniuk, Alexandra"]
[Black "Ushenina, Anna"]
[Result "1/2-1/2"]
[WhiteElo "2471"]
[BlackElo "2416"]
[PlyCount "99"]
[EventDate "2020.07.20"]
[EventType "match (blitz)"]
[EventRounds "28"]
[EventCountry "USA"]
[SourceTitle "CBM 197 Extra"]
[Source "ChessBase"]
[SourceDate "2020.09.30"]
[SourceVersion "1"]
[SourceVersionDate "2020.09.30"]
[SourceQuality "1"]

1. e4 e5 2. Nf3 Nf6 3. Nxe5 d6 4. Nf3 Nxe4 5. d4 Bf5 6. Bd3 Be7 7. O-O O-O 8.
Re1 d5 9. Nbd2 Nd6 10. Nb3 Bxd3 11. Qxd3 Nd7 12. Bf4 c6 13. Re2 Re8 14. Rae1
Nf8 15. Bxd6 Qxd6 16. Re3 b6 17. Ne5 Bf6 18. Qf5 Bxe5 19. dxe5 Qg6 20. Qxg6
hxg6 21. Nd4 Rac8 22. f4 Ne6 23. Nxe6 fxe6 24. Kf2 c5 25. Rg3 Kf7 26. Ree3 c4
27. Rg5 Rh8 28. h3 a5 29. g4 Rh4 30. Kg2 b5 31. Rf3 d4 32. f5 gxf5 33. gxf5 Rc7
34. f6 g6 35. Rfg3 Rh6 36. h4 Rc5 37. h5 Rxh5 38. Rxh5 gxh5 39. Rg7+ Kf8 40.
Rg5 d3 41. cxd3 cxd3 42. Kf2 h4 43. Rh5 h3 44. Ke3 Rd5 45. Kd2 Kf7 46. Rh7+ Kf8
47. Rh8+ Kf7 48. Rh7+ Kf8 49. Rh8+ Kf7 50. Rh7+ 1/2-1/2

[Event "Speed Chess (Women) Final"]
[Site "Chess.com INT"]
[Date "2020.07.20"]
[Round "14"]
[White "Ushenina, Anna"]
[Black "Kosteniuk, Alexandra"]
[Result "0-1"]
[WhiteElo "2416"]
[BlackElo "2471"]
[PlyCount "80"]
[EventDate "2020.07.20"]
[EventType "match (blitz)"]
[EventRounds "28"]
[EventCountry "USA"]
[SourceTitle "CBM 197 Extra"]
[Source "ChessBase"]
[SourceDate "2020.09.30"]
[SourceVersion "1"]
[SourceVersionDate "2020.09.30"]
[SourceQuality "1"]

1. d4 Nf6 2. Nf3 e6 3. Bf4 b6 4. e3 Bb7 5. Bd3 c5 6. Nbd2 d5 7. c3 Bd6 8. Bg3
Nc6 9. O-O O-O 10. Ne5 Ne7 11. Qe2 a5 12. Bh4 Ng6 13. Nxg6 fxg6 14. e4 Be7 15.
dxc5 bxc5 16. Rad1 Nh5 17. Bxe7 Qxe7 18. g3 Qc7 19. Rfe1 Nf6 20. exd5 exd5 21.
Qe7 Rf7 22. Qxc7 Rxc7 23. Re5 a4 24. Bf1 Bc6 25. c4 Nd7 26. Re6 Nf8 27. Rd6 d4
28. Re1 Rb8 29. b3 Kf7 30. Bg2 Bxg2 31. Kxg2 axb3 32. axb3 Re7 33. Rxe7+ Kxe7
34. Ra6 Nd7 35. Kf3 Rf8+ 36. Ke2 g5 37. f3 Rf6 38. Ne4 Rxa6 39. Nxg5 Ra2+ 40.
Kd3 h6 0-1

[Event "Speed Chess (Women) Final"]
[Site "Chess.com INT"]
[Date "2020.07.20"]
[Round "15"]
[White "Kosteniuk, Alexandra"]
[Black "Ushenina, Anna"]
[Result "1-0"]
[WhiteElo "2471"]
[BlackElo "2416"]
[PlyCount "65"]
[EventDate "2020.07.20"]
[EventType "match (blitz)"]
[EventRounds "28"]
[EventCountry "USA"]
[SourceTitle "CBM 197 Extra"]
[Source "ChessBase"]
[SourceDate "2020.09.30"]
[SourceVersion "1"]
[SourceVersionDate "2020.09.30"]
[SourceQuality "1"]

1. d4 d5 2. Nf3 Nf6 3. c4 dxc4 4. e3 e6 5. Bxc4 c5 6. O-O cxd4 7. exd4 Be7 8.
Nc3 O-O 9. Bg5 a6 10. a4 Nc6 11. Bd3 Nb4 12. Bb1 b6 13. Re1 Bb7 14. Ne5 Rc8 15.
Qd2 Nfd5 16. Bxe7 Nxe7 17. Ra3 Nec6 18. Nxc6 Bxc6 19. Ne2 a5 20. Rh3 h6 21. Rg3
Qh4 22. Nf4 Rfd8 23. h3 Bxa4 24. Rg4 Qe7 25. Nh5 g5 26. h4 Rd5 27. Nf4 Kf8 28.
Nxd5 Nxd5 29. hxg5 h5 30. Rh4 Qd6 31. Rxh5 Ke7 32. g6 Nf4 33. Rh4 1-0

[Event "Speed Chess (Women) Final"]
[Site "Chess.com INT"]
[Date "2020.07.20"]
[Round "16"]
[White "Ushenina, Anna"]
[Black "Kosteniuk, Alexandra"]
[Result "1-0"]
[WhiteElo "2416"]
[BlackElo "2471"]
[PlyCount "41"]
[EventDate "2020.07.20"]
[EventType "match (blitz)"]
[EventRounds "28"]
[EventCountry "USA"]
[SourceTitle "CBM 197 Extra"]
[Source "ChessBase"]
[SourceDate "2020.09.30"]
[SourceVersion "1"]
[SourceVersionDate "2020.09.30"]
[SourceQuality "1"]

1. d4 Nf6 2. Nf3 d5 3. Bf4 c5 4. e3 Nc6 5. Nbd2 cxd4 6. exd4 Bf5 7. Bb5 e6 8.
Ne5 Qb6 9. c4 dxc4 10. Bxc6+ bxc6 11. Ndxc4 Qa6 12. O-O Be7 13. Rc1 O-O 14. Ne3
Be4 15. f3 Bd5 16. Nxd5 cxd5 17. Nc6 Rfe8 18. a4 Bf8 19. b4 Nd7 20. b5 Qb7 21.
Na5 1-0

[Event "Speed Chess (Women) Final"]
[Site "Chess.com INT"]
[Date "2020.07.20"]
[Round "17"]
[White "Kosteniuk, Alexandra"]
[Black "Ushenina, Anna"]
[Result "0-1"]
[WhiteElo "2471"]
[BlackElo "2416"]
[PlyCount "130"]
[EventDate "2020.07.20"]
[EventType "match (blitz)"]
[EventRounds "28"]
[EventCountry "USA"]
[SourceTitle "CBM 197 Extra"]
[Source "ChessBase"]
[SourceDate "2020.09.30"]
[SourceVersion "1"]
[SourceVersionDate "2020.09.30"]
[SourceQuality "1"]

1. d4 d5 2. Nf3 Nf6 3. c4 e6 4. Nc3 dxc4 5. e4 Bb4 6. Bxc4 Nxe4 7. O-O Nf6 8.
Qa4+ Nc6 9. Ne5 Rb8 10. Bg5 O-O 11. Rad1 a6 12. Nxc6 bxc6 13. Ne4 Be7 14. Bxf6
Bxf6 15. Nxf6+ Qxf6 16. Qxc6 Rxb2 17. Bb3 Qe7 18. Qc1 Re2 19. Bc4 Re4 20. Bd3
Rh4 21. Qc6 Qd6 22. Qxd6 cxd6 23. f4 Rh5 24. Rf2 Ra5 25. Rb2 Bd7 26. Kf2 Bb5
27. Bxb5 axb5 28. Rc1 g6 29. Rc6 Rfa8 30. Rxd6 Rxa2 31. Rxa2 Rxa2+ 32. Kf3 h5
33. d5 Rd2 34. Rd8+ Kg7 35. d6 b4 36. Rb8 Rxd6 37. Rxb4 Rd3+ 38. Kf2 Kf6 39.
Rb7 h4 40. Ra7 h3 41. g3 Rd2+ 42. Kg1 Re2 43. Rb7 Rg2+ 44. Kh1 Re2 45. Kg1 e5
46. fxe5+ Rxe5 47. Kf2 Rd5 48. Rb2 Kf5 49. Ra2 Rd4 50. Ke3 Rb4 51. Rf2+ Ke6 52.
Kf3 f5 53. Ra2 Kf6 54. Rc2 Kg5 55. Rd2 Rb1 56. Rf2 Rc1 57. Ke3 Re1+ 58. Kf3 Kh5
59. Kf4 Re4+ 60. Kf3 Kg5 61. Rd2 Re1 62. Rf2 Kf6 63. Kf4 g5+ 64. Kf3 g4+ 65.
Kf4 Re4# 0-1

[Event "Speed Chess (Women) Final"]
[Site "Chess.com INT"]
[Date "2020.07.20"]
[Round "18"]
[White "Ushenina, Anna"]
[Black "Kosteniuk, Alexandra"]
[Result "1/2-1/2"]
[WhiteElo "2416"]
[BlackElo "2471"]
[PlyCount "111"]
[EventDate "2020.07.20"]
[EventType "match (blitz)"]
[EventRounds "28"]
[EventCountry "USA"]
[SourceTitle "CBM 197 Extra"]
[Source "ChessBase"]
[SourceDate "2020.09.30"]
[SourceVersion "1"]
[SourceVersionDate "2020.09.30"]
[SourceQuality "1"]

1. d4 Nf6 2. Nf3 d5 3. Bf4 c5 4. e3 Nc6 5. Nbd2 cxd4 6. exd4 Bf5 7. Bb5 e6 8.
Ne5 Qb6 9. c4 dxc4 10. a4 Bb4 11. O-O Bxd2 12. Qxd2 O-O 13. Bxc6 bxc6 14. Nxc4
Qa6 15. Rfc1 Rfd8 16. Ne5 Rac8 17. b4 Qb6 18. Rc4 Ne4 19. Qb2 Nd6 20. Rc5 Ne4
21. Rc4 Nd6 22. Rcc1 f6 23. Nc4 Nxc4 24. Rxc4 Be4 25. Rac1 Qb7 26. f3 Bd5 27.
Rc5 a6 28. Qc3 Ra8 29. h3 Kh8 30. Re1 g5 31. Bg3 Qg7 32. Rc1 h5 33. b5 axb5 34.
axb5 cxb5 35. Rxb5 Ra2 36. Rb2 Rxb2 37. Qxb2 g4 38. hxg4 hxg4 39. Kf2 Kg8 40.
Qb6 Ra8 41. Rc2 gxf3 42. gxf3 Qh7 43. Qc7 Qh1 44. Qf4 Qh7 45. Qc7 Qd3 46. Qc3
Qxc3 47. Rxc3 Kf7 48. Ke3 Kg6 49. Bd6 Ra4 50. Bc5 Ra1 51. Kf4 Rf1 52. Re3 Rf2
53. Rc3 Rf1 54. Re3 Rf2 55. Kg3 Rf1 56. Kf4 1/2-1/2

[Event "Speed Chess (Women) Final"]
[Site "Chess.com INT"]
[Date "2020.07.20"]
[Round "19"]
[White "Kosteniuk, Alexandra"]
[Black "Ushenina, Anna"]
[Result "1-0"]
[WhiteElo "2471"]
[BlackElo "2416"]
[PlyCount "93"]
[EventDate "2020.07.20"]
[EventType "match (blitz)"]
[EventRounds "28"]
[EventCountry "USA"]
[SourceTitle "CBM 197 Extra"]
[Source "ChessBase"]
[SourceDate "2020.09.30"]
[SourceVersion "1"]
[SourceVersionDate "2020.09.30"]
[SourceQuality "1"]

1. e4 e5 2. Nf3 Nf6 3. Nxe5 d6 4. Nf3 Nxe4 5. Nc3 Nf6 6. d4 Be7 7. Bd3 O-O 8.
O-O Re8 9. Bg5 Nbd7 10. Re1 b6 11. Bb5 Bb7 12. d5 a6 13. Bc6 Bxc6 14. dxc6 Nc5
15. Nd4 h6 16. Bh4 g5 17. Bg3 Bf8 18. Qf3 Bg7 19. Nf5 Re6 20. Nxg7 Kxg7 21. b4
Rxe1+ 22. Rxe1 Ne6 23. h4 Qh8 24. Qd3 Qh7 25. Ne4 Nxe4 26. Rxe4 Qf5 27. c4 a5
28. Qd5 Qf6 29. b5 Kf8 30. Kh2 Re8 31. Qd2 Ng7 32. Rxe8+ Kxe8 33. c5 bxc5 34.
Qxa5 Ne6 35. Qa8+ Ke7 36. Qc8 gxh4 37. Qd7+ Kf8 38. Bxd6+ cxd6 39. Qxd6+ Qe7
40. Qb8+ Kg7 41. b6 c4 42. b7 c3 43. Qe5+ f6 44. Qxe6 Qxe6 45. b8=Q Qe5+ 46.
Qxe5 fxe5 47. c7 1-0

[Event "Speed Chess (Women) Final"]
[Site "Chess.com INT"]
[Date "2020.07.20"]
[Round "20"]
[White "Ushenina, Anna"]
[Black "Kosteniuk, Alexandra"]
[Result "1-0"]
[WhiteElo "2416"]
[BlackElo "2471"]
[PlyCount "113"]
[EventDate "2020.07.20"]
[EventType "match (blitz)"]
[EventRounds "28"]
[EventCountry "USA"]
[SourceTitle "CBM 197 Extra"]
[Source "ChessBase"]
[SourceDate "2020.09.30"]
[SourceVersion "1"]
[SourceVersionDate "2020.09.30"]
[SourceQuality "1"]

1. d4 Nf6 2. Nf3 b6 3. Bg5 Bb7 4. Nbd2 e6 5. e4 h6 6. Bxf6 Qxf6 7. Bd3 g5 8. c3
Nc6 9. O-O g4 10. Ne1 Qf4 11. g3 Qg5 12. f4 gxf3 13. Ndxf3 Qg7 14. Ng2 O-O-O
15. Qe2 Kb8 16. Ba6 Ba8 17. a4 f5 18. exf5 exf5 19. a5 Bd6 20. axb6 cxb6 21.
Qd2 Rdf8 22. Nf4 h5 23. Nh4 Be7 24. Nfg2 Bd6 25. Nf4 Qg5 26. Rf2 Re8 27. Raf1
Rhf8 28. Bd3 Na5 29. Nfg6 Qxd2 30. Rxd2 Rf6 31. Nf4 Nb3 32. Rdf2 Re3 33. Bc2
Bxf4 34. Rxf4 Nd2 35. Rd1 Nc4 36. Rxf5 Rxf5 37. Bxf5 Nxb2 38. Rf1 Rxc3 39. Bxd7
Kc7 40. Nf5 Be4 41. Be6 a5 42. d5 a4 43. d6+ Kc6 44. d7 Rd3 45. Ne7+ Kc7 46.
Rf8 a3 47. Kf2 Bb7 48. Rc8+ Bxc8 49. dxc8=Q+ Kd6 50. Nf5+ Ke5 51. Qh8+ Ke4 52.
Qxh5 Rd2+ 53. Ke1 Rd1+ 54. Qxd1 Nxd1 55. Kxd1 b5 56. Kc2 b4 57. Kb3 1-0

[Event "Speed Chess (Women) Final"]
[Site "Chess.com INT"]
[Date "2020.07.20"]
[Round "21"]
[White "Kosteniuk, Alexandra"]
[Black "Ushenina, Anna"]
[Result "1/2-1/2"]
[WhiteElo "2471"]
[BlackElo "2416"]
[PlyCount "86"]
[EventDate "2020.07.20"]
[EventType "match (blitz)"]
[EventRounds "28"]
[EventCountry "USA"]
[SourceTitle "CBM 197 Extra"]
[Source "ChessBase"]
[SourceDate "2020.09.30"]
[SourceVersion "1"]
[SourceVersionDate "2020.09.30"]
[SourceQuality "1"]

1. e4 e5 2. Nf3 Nf6 3. Nxe5 d6 4. Nf3 Nxe4 5. c4 Nc6 6. d3 Nf6 7. d4 Bf5 8. Bd3
Bxd3 9. Qxd3 d5 10. c5 Be7 11. O-O O-O 12. Bd2 a5 13. Nc3 b6 14. cxb6 cxb6 15.
Rac1 Rc8 16. a3 Bd6 17. h3 h6 18. Rfe1 Re8 19. Nh4 Rxe1+ 20. Rxe1 Qd7 21. Nf5
Bf8 22. Qf3 h5 23. Bg5 Ne4 24. Nxe4 dxe4 25. Rxe4 g6 26. Nh6+ Bxh6 27. Bxh6
Nxd4 28. Qf6 Nf5 29. Bf4 Qc6 30. Qxc6 Rxc6 31. b4 axb4 32. Rxb4 f6 33. Kf1 Kf7
34. a4 Ne7 35. Bd2 Nd5 36. Rb5 Ke6 37. Ke2 Rc4 38. a5 bxa5 39. Rxa5 Rc6 40. Rb5
Nc7 41. Ra5 Nd5 42. Rb5 Nc7 43. Ra5 Nd5 1/2-1/2

[Event "Speed Chess (Women) Final"]
[Site "Chess.com INT"]
[Date "2020.07.20"]
[Round "22"]
[White "Ushenina, Anna"]
[Black "Kosteniuk, Alexandra"]
[Result "1-0"]
[WhiteElo "2416"]
[BlackElo "2471"]
[PlyCount "97"]
[EventDate "2020.07.20"]
[EventType "match (blitz)"]
[EventRounds "28"]
[EventCountry "USA"]
[SourceTitle "CBM 197 Extra"]
[Source "ChessBase"]
[SourceDate "2020.09.30"]
[SourceVersion "1"]
[SourceVersionDate "2020.09.30"]
[SourceQuality "1"]

1. d4 Nf6 2. Nf3 d5 3. Bf4 c5 4. e3 Nc6 5. Nbd2 cxd4 6. exd4 Bf5 7. Bb5 e6 8.
Ne5 Qb6 9. c4 dxc4 10. Bxc6+ bxc6 11. Ndxc4 Qa6 12. Qe2 Bb4+ 13. Bd2 Bxd2+ 14.
Nxd2 Qb5 15. Qxb5 cxb5 16. Rc1 O-O 17. f3 Nd5 18. Kf2 h5 19. a3 f6 20. Nc6 Rfe8
21. g3 a5 22. Rc5 Bd3 23. Rhc1 b4 24. Ne4 bxa3 25. bxa3 Bxe4 26. fxe4 Ne7 27.
Nxe7+ Rxe7 28. Rxh5 Rd7 29. Ke3 Rad8 30. Rc4 e5 31. dxe5 Rd3+ 32. Kf4 fxe5+ 33.
Rxe5 Rxa3 34. Rc7 Rf8+ 35. Kg4 Rf6 36. Rg5 Rf7 37. Rxf7 Kxf7 38. h4 Ra4 39. Kf4
Ra1 40. h5 a4 41. Ra5 a3 42. g4 Kf6 43. Ra6+ Kf7 44. g5 a2 45. Ke5 Rg1 46. g6+
Ke7 47. Ra7+ Kf8 48. Rxa2 Rg5+ 49. Ke6 1-0

[Event "Speed Chess (Women) Final"]
[Site "Chess.com INT"]
[Date "2020.07.20"]
[Round "23"]
[White "Kosteniuk, Alexandra"]
[Black "Ushenina, Anna"]
[Result "1/2-1/2"]
[WhiteElo "2471"]
[BlackElo "2416"]
[PlyCount "103"]
[EventDate "2020.07.20"]
[EventType "match (blitz)"]
[EventRounds "28"]
[EventCountry "USA"]
[SourceTitle "CBM 197 Extra"]
[Source "ChessBase"]
[SourceDate "2020.09.30"]
[SourceVersion "1"]
[SourceVersionDate "2020.09.30"]
[SourceQuality "1"]

1. e4 e5 2. Nf3 Nf6 3. Nxe5 d6 4. Nf3 Nxe4 5. Nc3 Nf6 6. d4 Nc6 7. Bb5 a6 8.
Bxc6+ bxc6 9. O-O Be7 10. Re1 O-O 11. b3 Bf5 12. Ne2 Re8 13. Ng3 Bg6 14. h3 Qd7
15. c4 Bf8 16. Be3 a5 17. Qc1 a4 18. Nh4 axb3 19. axb3 Rxa1 20. Qxa1 Rb8 21.
Nxg6 hxg6 22. Rb1 Qc8 23. Qa4 Qb7 24. b4 Ra8 25. Qb3 Qa6 26. b5 cxb5 27. cxb5
Qa2 28. Qxa2 Rxa2 29. b6 cxb6 30. Rxb6 Nd5 31. Rb8 f6 32. Ne4 Kf7 33. Rc8 Be7
34. Kf1 Ra1+ 35. Ke2 Ra2+ 36. Kf3 Ra3 37. Ke2 Ra2+ 38. Nd2 g5 39. g3 Ke6 40. g4
Kf7 41. Kd3 Ra3+ 42. Ke4 Nc3+ 43. Kf3 Nd5 44. Nc4 Ra6 45. Rb8 Rc6 46. Nd2 Ke6
47. Ne4 g6 48. Ng3 Kf7 49. Ne2 Ke6 50. Ng3 Kf7 51. Ne2 Ke6 52. Ng3 1/2-1/2

[Event "Speed Chess (Women) Final"]
[Site "Chess.com INT"]
[Date "2020.07.20"]
[Round "24"]
[White "Ushenina, Anna"]
[Black "Kosteniuk, Alexandra"]
[Result "1/2-1/2"]
[WhiteElo "2416"]
[BlackElo "2471"]
[PlyCount "167"]
[EventDate "2020.07.20"]
[EventType "match (blitz)"]
[EventRounds "28"]
[EventCountry "USA"]
[SourceTitle "CBM 197 Extra"]
[Source "ChessBase"]
[SourceDate "2020.09.30"]
[SourceVersion "1"]
[SourceVersionDate "2020.09.30"]
[SourceQuality "1"]

1. d4 Nf6 2. Nf3 b6 3. Bg5 Bb7 4. Nbd2 e6 5. e4 h6 6. Bxf6 Qxf6 7. Bd3 g5 8. c3
Nc6 9. Qe2 g4 10. Ng1 h5 11. h3 Rg8 12. hxg4 hxg4 13. O-O-O Qg5 14. Kb1 O-O-O
15. Ba6 f5 16. Bxb7+ Kxb7 17. Qd3 Qf4 18. Rf1 fxe4 19. Nxe4 Bg7 20. Ne2 Qf5 21.
N2g3 Qf4 22. Nh5 Qf5 23. Nhg3 Qa5 24. Rh5 d5 25. Nd2 e5 26. Nb3 Qa4 27. Nf5 Bf6
28. Rh7 Qc4 29. Qxc4 dxc4 30. dxe5 Bxe5 31. Nc1 Rgf8 32. Ne3 g3 33. fxg3 Rxf1
34. Nxf1 Rg8 35. Ne2 Bf6 36. Rf7 Bg5 37. Kc2 Ne5 38. Rf5 Nd3 39. Nd2 Ne1+ 40.
Kd1 Nxg2 41. Nxc4 a6 42. Rf2 Ne3+ 43. Nxe3 Bxe3 44. Rf3 Bc5 45. Kd2 Bd6 46. Kd3
a5 47. Ke4 a4 48. Kd3 a3 49. bxa3 Bxa3 50. Nd4 Bd6 51. Nf5 Be5 52. Ke4 Bh8 53.
Rf4 Bxc3 54. g4 b5 55. Kf3 b4 56. Ne7 Ra8 57. Nd5 Rxa2 58. Nxb4 Ra3 59. Ke2 Be5
60. Rc4 Bd6 61. Nd3 Ra2+ 62. Ke3 Ra8 63. Ke4 Re8+ 64. Kf5 Rf8+ 65. Kg6 Rf3 66.
Nc5+ Kc6 67. Ne4+ Kd5 68. Nxd6 cxd6 69. Ra4 Ke5 70. g5 d5 71. Ra8 d4 72. Re8+
Kd5 73. Kg7 d3 74. g6 Kd4 75. Rd8+ Ke3 76. Kh7 d2 77. g7 Rg3 78. g8=Q Rxg8 79.
Kxg8 Ke2 80. Re8+ Kf2 81. Rd8 Ke2 82. Re8+ Kf2 83. Rf8+ Ke2 84. Re8+ 1/2-1/2

[Event "Speed Chess (Women) Final"]
[Site "Chess.com INT"]
[Date "2020.07.20"]
[Round "25"]
[White "Kosteniuk, Alexandra"]
[Black "Ushenina, Anna"]
[Result "1/2-1/2"]
[WhiteElo "2471"]
[BlackElo "2416"]
[PlyCount "93"]
[EventDate "2020.07.20"]
[EventType "match (blitz)"]
[EventRounds "28"]
[EventCountry "USA"]
[SourceTitle "CBM 197 Extra"]
[Source "ChessBase"]
[SourceDate "2020.09.30"]
[SourceVersion "1"]
[SourceVersionDate "2020.09.30"]
[SourceQuality "1"]

1. e4 e5 2. Nf3 Nf6 3. Nxe5 d6 4. Nf3 Nxe4 5. Nc3 Nf6 6. d4 Nc6 7. Bd3 Nb4 8.
Be2 Bf5 9. Bb5+ c6 10. Ba4 Be7 11. O-O O-O 12. a3 Nbd5 13. Nxd5 Nxd5 14. c4 Nf6
15. Bc2 Bxc2 16. Qxc2 d5 17. c5 Ne4 18. b4 a5 19. Rb1 axb4 20. axb4 Bf6 21. Be3
Ra3 22. Rb3 Qa8 23. Rfb1 Ra2 24. R3b2 Ra1 25. h3 h6 26. b5 Re8 27. bxc6 bxc6
28. Rxa1 Qxa1+ 29. Rb1 Qa8 30. Rb6 Bd8 31. Rb1 Bc7 32. Nd2 Nxd2 33. Qxd2 Rb8
34. Qc2 Rb7 35. Qf5 Rxb1+ 36. Qxb1 Qc8 37. Qc2 Qd7 38. Qa4 Qc8 39. h4 Qb7 40.
g3 Bd8 41. Kg2 Bf6 42. Qa5 Qc8 43. Qb6 Qe8 44. Qb1 Qc8 45. Qb6 Qe8 46. Qb1 Qc8
47. Qb6 1/2-1/2